| 000 | 01785nam0a2200361 4500 | ||
|---|---|---|---|
| 001 | RU\NLR\BIBL_A\022766955 | ||
| 005 | 20260420063722.0 | ||
| 010 |
_a978-5-8354-2158-9 _9200 |
||
| 021 |
_aRU _bКН-П-26-007993 _9КН-П-26-0771 |
||
| 035 | _a(NLR Aleph) 022766955 | ||
| 090 |
_a13688609 _c13688609 |
||
| 100 | _a20260326d2026 k y0rusy50 ca | ||
| 101 | 0 | _arus | |
| 102 | _aRU | ||
| 105 | _ay z 000yd | ||
| 181 | 0 |
_ai4 _baxxe |
|
| 182 | 0 | _an | |
| 200 | 1 |
_aПамяти профессора Габриэля Феликсовича Шершеневича _eсборник статей по гражданскому и торговому праву _fнаучный редактор и составитель: канд. юрид. наук, доц. В. С. Ем |
|
| 203 |
_aТекст _bвизуальный _cнепосредственный |
||
| 205 | _a2-е изд., испр. | ||
| 210 |
_aМосква _cСтатут _d2026 |
||
| 215 |
_a583 с. _d22 |
||
| 225 | 1 |
_aКлассика российской цивилистики _fпредседатель редакционной коллегии: д-р юрид. наук, проф. Е. А. Суханов |
|
| 320 | _aБиблиогр. в подстроч. примеч. | ||
| 606 | 1 |
_aГражданское право _jСборники _9894778 _3RU\NLR\AUTH\664054 |
|
| 606 | 1 |
_aТорговое право _jСборники _91204473 _3RU\NLR\AUTH\66169709 |
|
| 686 | 1 | _aХ83,0я434 | |
| 702 | 1 |
_aЕм _bВ. С. _gВладимир Саурсеевич _4220 |
|
| 702 | 1 |
_4280 _7ca _8rus _aШершеневич _bГ. Ф. _f1863-1912 _gГабриэль Феликсович _94307 _3RU\NLR\AUTH\7721244 |
|
| 942 | _cBOOK | ||
| 980 | _aNB | ||